A guide to European Investment (Record no. 83447)
[ view plain ]
| 000 -LEADER | |
|---|---|
| fixed length control field | 01166cab a22002175a 4500 |
| 001 - CONTROL NUMBER | |
| control field | L154007 |
| 008 - FIXED-LENGTH DATA ELEMENTS--GENERAL INFORMATION | |
| fixed length control field | 111003e20110930xxk 000 0 eng d |
| 035 ## - SYSTEM CONTROL NUMBER | |
| System control number | (Sirsi) u154007 |
| 041 0# - LANGUAGE CODE | |
| Language code of text/sound track or separate title | eng |
| 110 2# - MAIN ENTRY--CORPORATE NAME | |
| Corporate name or jurisdiction name as entry element | Property Week |
| 9 (RLIN) | 1549 |
| 245 02 - TITLE STATEMENT | |
| Title | A guide to European Investment |
| 260 ## - PUBLICATION, DISTRIBUTION, ETC. | |
| Date of publication, distribution, etc. | 2011 |
| 490 #0 - SERIES STATEMENT | |
| Series statement | Property Week International |
| Volume/sequential designation | 77(39) 30 September 2011, (8) |
| 520 ## - SUMMARY, ETC. | |
| Summary, etc. | Europe still presents opportunities, despite slow summer and reduced lending levels. "State of the market" shows eastern investors flocking to European safe havens as uncertainty slows commercial property. "Europe's banks" reports that continental lenders are struggling to reduce their property exposure. "Green investment" notes that demand for energy-efficient buildings increases as environmental regulation tightens and energy costs rise. Concludes with briefings on Invesco Real Estate, and German open-ended funds overseas. |
| 590 ## - LOCAL NOTE (RLIN) | |
| Local note | KA |
| 651 #4 - SUBJECT ADDED ENTRY--GEOGRAPHIC NAME | |
| Geographic name | Europe |
| 690 ## - LOCAL SUBJECT ADDED ENTRY--TOPICAL TERM (OCLC, RLIN) | |
| Topical term or geographic name as entry element | PROPERTY-COMMERCIAL PROPERTY-COMMERCIAL PROPERTY MARKET |
| 690 ## - LOCAL SUBJECT ADDED ENTRY--TOPICAL TERM (OCLC, RLIN) | |
| Topical term or geographic name as entry element | PROPERTY-COMMERCIAL PROPERTY-COMMERCIAL PROPERTY FINANCE AND INVESTMENT |
| 710 ## - ADDED ENTRY--CORPORATE NAME | |
| Corporate name or jurisdiction name as entry element | S J Berwin & Co |
| 9 (RLIN) | 2924 |
| 942 ## - ADDED ENTRY ELEMENTS (KOHA) | |
| Suppress in OPAC | 0 |
| Withdrawn status | Lost status | Source of classification or shelving scheme | Damaged status | Not for loan | Home library | Current library | Shelving location | Date acquired | Total Checkouts | Full call number | Barcode | Date last seen | Copy number | Price effective from | Koha item type |
|---|---|---|---|---|---|---|---|---|---|---|---|---|---|---|---|
| Dewey Decimal Classification | London | London | Journal article | 03/10/2011 | L154007 | 154007-1001 | 06/08/2019 | 1 | 06/08/2019 | Journal article |